Vientos bucaneros : piratas, corsarios y filibusteros en el Golfo de México /

La edición original de la obra se publicó en 2004 con el título Contra viento y marea. Los piratas en el Golfo de México. En la presente obra el autor estudia las probables causas del robo marítimo en el sistema mercantilista español vigente en las colonias españolas entre los siglos XVI y XVII.

Guardado en:
Detalles Bibliográficos
Autor principal: García de León, Antonio (autor)
Formato: Libro
Idioma:Español
Publicado: México : Era, 2013, c2013
Temas:
Etiquetas: Agrega una etiqueta
Sin etiquetas, Sé el primero en etiquetar este registro!

MARC

LEADER 00000nam^a2200000^a^4500
001 000351533
005 20250521000000.0
009 20260310115015.586
020 |a 978-607-445-342-3 
037 |a Acervo ITESO - Biblioteca 
041 |a ESP 
082 |a 972. 603  |b GAR 
100 |a García de León, Antonio  |e (autor) 
245 1 0 |a Vientos bucaneros :  |b piratas, corsarios y filibusteros en el Golfo de México /  |c A. García de León. 
264 4 |a México :  |b Era,  |c 2013, c2013 
300 |a 192 p. 
336 |a texto  |b txt  |2 rdacontenido 
337 |a sin mediación  |b n  |2 rdamedio 
338 |a volumen  |b nc  |2 rdasoporte 
520 |a La edición original de la obra se publicó en 2004 con el título Contra viento y marea. Los piratas en el Golfo de México. En la presente obra el autor estudia las probables causas del robo marítimo en el sistema mercantilista español vigente en las colonias españolas entre los siglos XVI y XVII. 
649 |a XX 
650 |a Piratas -  |z México (Golfo) -  |x Historia -  |y Epoca Colonial, 1517-1821 -  |x Tema Principal 
650 |a Comercio Internacional -  |z España -  |x Historia 
650 |a México (Golfo) -  |x Historia -  |y Epoca Colonial, 1517-1821 -  |x Tema Principal 
650 |a España -  |x Historia -  |y Casa de Austria, 1516-1700 
910 |a Fondo General 
920 |a Impresos - Libros 
930 |a Colección General 
905 |a 101 
901 |a 0500242336  |b IT1  |c ACC  |i C142619  |u 20250521 
902 |a https://opac.biblio.iteso.mx/vufind/Record/000351533